LDR 00534naa#a2200181#i#450# 001 EN\\bibl\72177 005 20260415161755.3 011 ## _a2500-3372 100 ## _a20231214b2023####ek#y0engy0150####ca 101 0# _aENG 102 ## _aRU 200 1# _aEconomic Contribution of International Students (Case of the Russian Federation) _eJournal article 210 1# _aKemerovo _cKemerovo State University _d2023 215 ## _a9 с. 608 ## _aJournal article _2local 700 #1 _aAfzali _gMehdi 700 #1 _aVazirov _gZafar Kabutovich 856 4# _ajsocnet.ru _u